LEADER 01859nam 2200613 a 450 001 9910461450203321 005 20200520144314.0 010 $a1-84813-929-2 010 $a1-283-23862-4 010 $a9786613238627 010 $a1-84813-928-4 035 $a(CKB)2670000000113598 035 $a(OCoLC)748937783 035 $a(CaPaEBR)ebrary10500248 035 $a(SSID)ssj0000528213 035 $a(PQKBManifestationID)12188358 035 $a(PQKBTitleCode)TC0000528213 035 $a(PQKBWorkID)10544968 035 $a(PQKB)11526673 035 $a(MiAaPQ)EBC765178 035 $a(Au-PeEL)EBL765178 035 $a(CaPaEBR)ebr10500248 035 $a(CaONFJC)MIL323862 035 $a(OCoLC)748242111 035 $a(EXLCZ)992670000000113598 100 $a20110912d2011 uy 0 101 0 $aeng 135 $aurcn||||||||| 181 $ctxt 182 $cc 183 $acr 200 10$aJewish identity and Palestinian rights$b[electronic resource] $ediaspora Jewish opposition to Israel /$fDavid Landy 210 $aLondon ;$aNew York $cZed Books$d2011 215 $a1 online resource (258 p.) 300 $aBibliographic Level Mode of Issuance: Monograph 311 $a1-84813-926-8 311 $a1-84813-927-6 320 $aIncludes bibliographical references (p. [226]-242) and index. 606 $aIsrael and the diaspora 606 $aJews$xAttitudes toward Israel 606 $aJews$xIdentity 608 $aElectronic books. 615 0$aIsrael and the diaspora. 615 0$aJews$xAttitudes toward Israel. 615 0$aJews$xIdentity. 676 $a305.8924 700 $aLandy$b David$0995037 801 0$bMiAaPQ 801 1$bMiAaPQ 801 2$bMiAaPQ 906 $aBOOK 912 $a9910461450203321 996 $aJewish identity and Palestinian rights$92279217 997 $aUNINA